00000000nas 2200000zi 4500
0019.951654
003CaOODSP
00520250530141603
006m     o  d f      
007cr |||||||||||
008250530d19791993onc|| m o    f0###a0eng|d
022 |y0706-6503|y0068-7537
040 |aCaOODSP|beng|erda|cCaOODSP
043 |an-cn---
0861 |aFs94E-PDF
24500|aCanadian bulletin of fisheries and aquatic sciences.
264 1|aOttawa : |bDepartment of Fisheries and Oceans, |c1979-1993.
310 |aIrregular
336 |atext|btxt|2rdacontent
337 |acomputer|bc|2rdamedia
338 |aonline resource|bcr|2rdacarrier
3621 |aBegan with Bulletin 201; ceased with 227 published in 1993.
500 |aSome issues also in French under title: Bulletin canadien des sciences halieutiques et aquatiques.
500 |aDigitized edition from print [produced by Fisheries and Oceans Canada].
650 0|aFisheries|zCanada.
650 0|aMarine biology|zCanada.
7101 |aCanada. |bDepartment of Fisheries and Oceans, |eissuing body.
7760#|tCanadian bulletin of fisheries and aquatic sciences |w(CaOODSP)9.514677